Provinces of Limberwisk - Statistics

General Stats
  • This quiz has been taken 13 times
  • The average score is 4 of 5
Answers on the Map
Answers color-coded by a green-red scale on the quiz's map according to % correct below.
 
Answer Stats
Answer % Correct
Fjordland
100%
Fuw
91%
Mountland
91%
Lef
73%
Ujarak Peninsula
73%
No matching quizzes found
Score Distribution
Percent of People with Each Score
Percentile by Number Answered
Your Score History
You have not taken this quiz